Sports Quiz

Random Sports or NFL Quiz
Score 0/21 Timer 03:00
0 Plays Today
Question % Correct
Team with best regular season recordNew England Patriots
99.4%
NFL MVPTom Brady
98.3%
Team with worst regular season recordCarolina Panthers
93.7%
Most Rushing Yards (Individual)Arian Foster
90.7%
Most Passing Yards (Individual)Philip Rivers
90%
Most Receiving Yards (Individual)Brandon Lloyd
68.4%
Super Bowl ChampsGreen Bay Packers
55.3%
Least Amount of Points Allowed Per Game (Team)Pittsburgh Steelers
50%
Most Interceptions (Individual)Ed Reed
44.7%
Highest Attendance Dallas Cowboys
43.5%
Team who played most MNF Games New York Jets
41.6%
Question % Correct
Last Remaining Undefeated TeamKansas City Chiefs
41.3%
Total Offense (YDS- Team)San Diego Chargers
37.5%
Team who played most SNF GamesPhiladelphia Eagles
34.1%
Most Sacks (Individual)DeMarcus Ware
33.9%
Most Tackles (Individual)Jerod Mayo
22.2%
Most Field Goals Made (Individual)Sebastian Janikowski
21.4%
Last Team to win their first game.Buffalo Bills
14.7%
Most Interceptions (Team)New England Patriots
9.1%
Most Fumbles Forced (Individual)Osi Umenyiora
7%
Most 4th Down Conversions (Team)Jacksonville Jaguars
1%
Come Together.
Have Fun.
All Virtual.
We all need to come together. Play Sporcle's virtual live trivia to have fun, connect with people, and get your trivia on. Join a live hosted trivia game for your favorite pub trivia experience done virtually. If a virtual private party is more your thing, go here for details.

You're not logged in!

Compare scores with friends on all Sporcle quizzes.
OR
Log In

Sporcle TV

Today on Sporcle TV


Watch our educational content, quiz creation guides, and fun videos on Sporcle TV.

Show Comments

Extras

Created Feb 7, 2011SourceReportNominate
Tags:NFL Quiz, 2010, Review, season

Top Quizzes Today


Score Distribution

Paid Content

Your Account Isn't Verified!

In order to create a playlist on Sporcle, you need to verify the email address you used during registration. Go to your Sporcle Settings to finish the process.

Report this User

Report this user for behavior that violates our Community Guidelines.

Details: